000 00957cam a22002174a 4500
005 20250605164216.0
008 250528s ||||||||||||||||||||||||d
035 _a20460
020 _a850363780
040 _aGR-AtMCL
_bgre
_dGR-AtMCL
_eAACR2
245 1 _aThe Historical Novel
250 _a1st
260 _bMerlin Press,
_c1989
300 _a364
505 0 _aPreface, Foreword, The Classical Form of the Historical Novel, Historical Novel and Historical Drama, The Historical Novel and the Crisis of Bourgeois Realism, The Historical Novel of Democratic Humanism, Index of Names and Authors' Works.
520 _aPreface, Foreword, The Classical Form of the Historical Novel, Historical Novel and Historical Drama, The Historical Novel and the Crisis of Bourgeois Realism, The Historical Novel of Democratic Humanism, Index of Names and Authors' Works.
700 1 _aLukacs Georg
_9498
942 _cBK
999 _c5564
_d5564